000 00568nam a2200205 a 4500
005 20210223132753.0
008 151104s1945 mx r 000 0 spa d
020 _a970322380X (tomo 18)
020 _a9703212220 (obra completa)
035 _aUPN01000206535
049 _aF
050 4 _aPQ8219 O7.5
_bC6.6
100 1 _aOrtiz, Adalberto,
_d1914-2003
_938120
245 1 4 _aLos contrabandistas /
_cAdalberto Ortiz.
260 _aMéxico :
_bUNAM,
_c1945.
300 _a35 p.
440 0 _aLunes ;
_v18
650 4 _aLITERATURA ECUATORIANA
_917248
905 _aLibro
999 _c178636
_d178636